000 01112cam a22003133a 4500
001 2323
005 20240719091124.0
020 _a9780753458594
040 _aEOW
_cEOW
_dLEO
_dDLC
_beng
050 0 0 _aMLCM 2006/43136
082 _a823.914
100 1 _aHindley, Judy
245 1 0 _aPrincess Rosa's winter /
_cJudy Hindley ; illustrated by Margaret Chamberlain.
250 _aFirst published by Kingfisher in 1997
260 _aBoston :
_bKingfisher,
_c2005.
300 _a46 pages :
_billustrations
_c23 cm
500 _aOriginally published in 1997.
505 _aJ
520 _aLittle Princess Rosa is bored - in the depth of winter, life in a medieval castle is cold and dull. Then the arrival of a mysterious cloaked figure changes everything.
521 _a500
_bLexile estimate
521 _aJ
_bRaz-Plus
650 1 _aPrincesses
_vFiction.
650 1 _aWinter
_vFiction.
650 0 _aPrincesses
_vJuvenile fiction.
650 0 _aWinter
_vJuvenile fiction.
700 1 _aChamberlain, Margaret
_eillustrator
906 _a7
_bcbc
_ccopycat
_d2
_encip
_f20
_gy-gencatlg
942 _2ddc
_cBK
_n0
999 _c2323
_d2323